Statistics for Communes de Belgique, Belgische Gemeenten: Wallonie, Wallonië

Click here to take the quiz!

General Stats

  • This quiz has been taken 732 times
  • The average score is 115 of 262

Answers on the Map

Answers color-coded by a green-red scale on the quiz's map according to % correct below.
 

Answer Stats

Solutions / Antwoorden% Correct
Liège / Luik
94%
Namur / Namen
91%
Mons / Bergen
87%
Arlon / Aarlen
85%
Charleroi
85%
Wavre / Waver
83%
Tournai / Doornik
76%
Eupen
74%
Dinant
73%
Durbuy
73%
Bastogne / Bastenaken
70%
Mouscron / Moeskroen
70%
Verviers
68%
Malmedy
67%
Huy / Hoei
66%
Spa
66%
Waterloo
66%
Chimay
65%
La Louvière
65%
Ath / Aat
62%
Virton
62%
Braine-l'Alleud / Eigenbrakel
61%
Nivelles / Nijvel
61%
Seraing
61%
Bouillon
60%
Ciney
59%
Ottignies-Louvain-la-Neuve
58%
Rochefort
58%
Marche-en-Famenne
56%
Braine-le-Comte / 's-Gravenbrakel
55%
Comines-Warneton / Komen-Waasten
55%
Tubize / Tubeke
55%
Chaudfontaine
54%
La Roche-en-Ardenne
54%
Binche
53%
Neufchâteau
53%
Philippeville
53%
Sankt Vith
53%
Stavelot
53%
Ans
52%
Hannut / Hannuit
52%
Houffalize
52%
Pepinster
52%
Waremme / Borgworm
52%
Aywaille
51%
Braine-le-Château / Kasteelbrakel
51%
Herstal
51%
Vielsalm
51%
Visé / Wezet
51%
Gembloux / Gembloers
50%
Jodoigne / Geldenaken
50%
Andenne
49%
Couvin
49%
Enghien / Edingen
49%
Bütgenbach
48%
Dour
48%
La Hulpe / Terhulpen
48%
Sambreville
48%
Soignies / Zinnik
48%
Fleurus
47%
Welkenraedt
47%
Beauvechain / Bevekom
46%
Éghezée
46%
Lessines / Lessen
46%
Saint-Hubert
46%
Bertrix
45%
Châtelet
45%
Florenville
45%
Gouvy
45%
Grez-Doiceau / Graven
45%
Libramont-Chevigny
45%
Péruwelz
45%
Rixensart
45%
Saint-Nicolas
45%
Sprimont
45%
Trois-Ponts
45%
Beauraing
44%
Courcelles
44%
Genappe / Genepiën
44%
Herve
44%
Mont-de-l'Enclus / Kluisberg
44%
Saint-Ghislain
44%
Thuin
44%
Brugelette
43%
Büllingen
43%
Celles
43%
Hotton
43%
Ittre / Itter
43%
Quiévrain
43%
Raeren
43%
Villers-la-Ville
43%
Waimes / Weismes
43%
Wellin
43%
Yvoir
43%
Aubange
42%
Aubel
42%
Chaumont-Gistoux
42%
Flobecq / Vloesberg
42%
Froidchapelle
42%
Jemeppe-sur-Sambre
42%
Kelmis
42%
Lasne
42%
Pecq
42%
Silly / Opzullik
42%
Stoumont
42%
Theux
42%
Amay
41%
Amel
41%
Belœil / Beloeil
41%
Bertogne
41%
Burg-Reuland
41%
Colfontaine
41%
Estaimpuis / Steenput
41%
Flémalle
41%
Hélécine / Heilissem
41%
Martelange
41%
Messancy
41%
Mont-Saint-Guibert
41%
Trooz
41%
Viroinval
41%
Walcourt
41%
Wanze
41%
Antoing
40%
Blegny
40%
Boussu
40%
Chiny
40%
Court-Saint-Étienne
40%
Érezée
40%
Florennes
40%
Frasnes-lez-Anvaing
40%
Gedinne
40%
Grâce-Hollogne
40%
Habay
40%
Herbeumont
40%
Jalhay
40%
Leuze-en-Hainaut
40%
Limbourg / Limburg
40%
Manage
40%
Orp-Jauche
40%
Oupeye
40%
Perwez / Perwijs
40%
Profondeville
40%
Quévy
40%
Tellin
40%
Vresse-sur-Semois
40%
Attert
39%
Awans
39%
Beaumont
39%
Bernissart
39%
Bièvre
39%
Cerfontaine
39%
Chièvres
39%
Ellezelles / Elzele
39%
Erquelinnes
39%
Esneux
39%
Étalle
39%
Floreffe
39%
Hastière
39%
Havelange
39%
Incourt
39%
Juprelle
39%
Jurbise / Jurbeke
39%
Libin
39%
Lincent / Lijsem
39%
Meix-devant-Virton
39%
Modave
39%
Ohey
39%
Oreye / Oerle
39%
Plombières / Blieberg
39%
Quaregnon
39%
Ramillies
39%
Rebecq
39%
Rouvroy
39%
Seneffe
39%
Somme-Leuze
39%
Walhain
39%
Anderlues
38%
Anhée
38%
Assesse
38%
Chastre
38%
Daverdisse
38%
Doische
38%
Écaussinnes
38%
Fosses-la-Ville
38%
Frameries
38%
Hamoir
38%
La Bruyère
38%
Léglise
38%
Marchin
38%
Mettet
38%
Momignies
38%
Morlanwelz
38%
Palisseul
38%
Pont-à-Celles
38%
Saint-Léger
38%
Sivry-Rance
38%
Sombreffe
38%
Soumagne
38%
Baelen
37%
Bassenge / Bitsingen
37%
Brunehaut
37%
Clavier
37%
Dalhem
37%
Engis
37%
Fernelmont
37%
Fléron
37%
Gerpinnes
37%
Héron
37%
Houyet
37%
Lens
37%
Lobbes
37%
Manhay
37%
Musson
37%
Nandrin
37%
Nassogne
37%
Neupré
37%
Saint-Georges-sur-Meuse
37%
Tintigny
37%
Aisseau-Presles
36%
Beyne-Heusay
36%
Chapelle-lez-Herlaimont
36%
Crisnée
36%
Estinnes
36%
Farciennes
36%
Fauvillers
36%
Ferrières
36%
Fontaine-l'Evêque
36%
Les Bons Villers
36%
Lierneux
36%
Lontzen
36%
Merbes-le-Château
36%
Remicourt
36%
Rendeux
36%
Rumes
36%
Sainte-Ode
36%
Thimister-Clermont
36%
Tinlot
36%
Vaux-sur-Sûre
36%
Verlaine
36%
Villers-le-Bouillet
36%
Braives
35%
Burdinne
35%
Comblain-au-Pont
35%
Dison
35%
Fexhe-le-Haut-Clocher
35%
Geer
35%
Gesves
35%
Ham-sur-Heure-Nalinnes
35%
Hensies
35%
Honnelles
35%
Le Rœulx / Le Roeulx
35%
Onhaye
35%
Wasseiges
35%
Anthisnes
34%
Berloz
34%
Donceel
34%
Hamois
34%
Montigny-le-Tilleul
34%
Olne
34%
Ouffet
34%
Tenneville
34%
Faimes
33%

Score Distribution

Percentile by Number Answered

Percent of People with Each Score

Your Score History

You have not taken this quiz